Teória a prax marketingového riadenia v malých a stredných podnikoch
Analýza marketingových stratégií na báze rozmanitých marketingových premenných v súbore podnikov rôznych odvetví. Cielom výskumu bolo vytvoriť použitím metódy clustrovej analýzy skupiny-clustre podnikov, ktoré by sa vyznačovali vnútornou homogenitou. Takáto analýza umožňuje hlbší pohľad a pochopenie...
Guardado en:
| Autor principal: | |
|---|---|
| Otros Autores: | |
| Formato: | Capítulo de libro |
| Lenguaje: | eslovaco |
| Materias: | |
| Etiquetas: |
Sin Etiquetas, Sea el primero en etiquetar este registro!
|
MARC
| LEADER | 00000naa$a2200000$$$4500 | ||
|---|---|---|---|
| 001 | 0082939 | ||
| 005 | 20240502071931.4 | ||
| 041 | 0 | |a slo | |
| 044 | |a SK | ||
| 245 | 1 | 0 | |a Teória a prax marketingového riadenia v malých a stredných podnikoch |c Štefan Majtán, Katarína Grančičová |
| 520 | |a Analýza marketingových stratégií na báze rozmanitých marketingových premenných v súbore podnikov rôznych odvetví. Cielom výskumu bolo vytvoriť použitím metódy clustrovej analýzy skupiny-clustre podnikov, ktoré by sa vyznačovali vnútornou homogenitou. Takáto analýza umožňuje hlbší pohľad a pochopenie podstaty typológie marketingových stratégií a faktorov, ktoré ju podmieňujú. | ||
| 610 | 2 | 0 | |a riadenie podnikové |
| 610 | 2 | 0 | |a marketing |
| 610 | 2 | 0 | |a klaster |
| 610 | 2 | 0 | |a podnik malý |
| 610 | 2 | 0 | |a podnik stredný |
| 610 | 2 | 0 | |a analýza ekonomická |
| 610 | 2 | 0 | |a stratégia marketingová |
| 100 | 1 | |a Majtán, Štefan | |
| 700 | 1 | |a Grančičová, Katarína, 1967- | |